Sports Quiz

Random Sports or Basketball Quiz

NBA Allstar From 2000 to 2011 Draft Quiz Stats

 Plays Quiz not verified by Sporcle

Challenge
Share
Tweet
Embed
Score 0/50 Timer 08:00
0 Plays Today
Year Players % Correct
2003LeBron James
98.1%
2003Dwyane Wade
93.7%
2003Carmelo Anthony
93.1%
2003Chris Bosh
90.6%
2003David West
85.8%
2007Kevin Durant
84.9%
2005Chris Paul
84.6%
2004Dwight Howard
84.3%
2003Josh Howard
84%
2008Derrick Rose
82.4%
2008Russell Westbrook
81.1%
2009Blake Griffin
80.2%
2003Mo Williams
76.1%
2005Deron Williams
76.1%
2011Kyrie Irving
73.9%
2001Pau Gasol
72.3%
2007Marc Gasol
72.3%
2009James Harden
67.6%
2001Tony Parker
66.4%
2002Yao Ming
65.7%
2008Keivn Love
64.5%
2002Amar'e Stoudemire
62.9%
2001Joe Johnson
62.6%
2006LaMarcus Aldridge
61.9%
2006Rajon Rondo
61.6%
Year Players % Correct
2007Al Horford
59.7%
2000Kenyon Martin
59.1%
2010Paul George
58.2%
2007Joakim Noah
57.2%
2002Carlos Boozer
54.1%
2001Tyson Chandler
53.8%
2006Brandon Roy
51.9%
2001Gerald Wallace
49.4%
2001Gilbert Arenas
45.6%
2002Caron Butler
44.7%
2005David Lee
44.7%
2004Luol Deng
44%
2004Andre Iguodala
44%
2001Zach Randolph
43.4%
2003Chris Kaman
43.1%
2005Andrew Bynum
40.9%
2005Danny Granger
39.9%
2008Brook Lopez
39.6%
2000Michael Redd
38.4%
2004Jameer Nelson
37.7%
2008Roy Hibbert
36.5%
2009Jrue Holiday
34%
2004Devin Harris
33.6%
2001Mehmet Okur
28.3%
2000Jamaal Magloire
15.7%

You're not logged in!

Compare scores with friends on all Sporcle quizzes.
OR
Log In

You Might Also Like...

Show Comments

Extras

Top Quizzes Today


Score Distribution

Your Account Isn't Verified!

In order to create a playlist on Sporcle, you need to verify the email address you used during registration. Go to your Sporcle Settings to finish the process.

Report this User

Report this user for behavior that violates our Community Guidelines.

Details: